Election of 1860 Trivia - Statistics

General Stats
  • This quiz has been taken 35 times
  • The average score is 22 of 29
Answer Stats
Hint Answer % Correct
Victor Abraham Lincoln
100%
Their Home State Illinois
100%
Their Home State Illinois
100%
Their Party Democrat
96%
Their Party Republican
96%
Their Party Southern Democrat
96%
Their Home State Kentucky
92%
Kentucky
92%
Future President who Failed to Win the Nomination (Often Considered to be the Worst President in US History) Andrew Johnson
88%
War That was Started by This Election Civil War
88%
Major Issue of the Election Especially for the Winning Party Slavery
88%
State That Started this War (first to secede) South Carolina
88%
Their Home State Tennessee
85%
Tennessee
85%
State They Won Missouri
81%
The States they Won Virginia
81%
State With the Smallest Margin (0.09%) Virginia
81%
Oregon
77%
Candidate Who Won Just 1 State Stephen A Douglas
73%
Their Running Mate Hannibal Hamlin
69%
Candidate Who Won Just 3 States John Bell
62%
Opponent John C Breckenridge
62%
State With the Largest Margin (56%) Vermont
62%
States in Which this Was Their First Election Minnesota
58%
Their Party Constitutional Union
54%
Their Running Mate Edward Everett
42%
Their Running Mate Joseph Lane
38%
Largest Third Party that Didn't Win a State Despite winning 51% of the vote in New Jersey Fusion
27%
Their Running Mate Herschel Vespasian
4%
No matching quizzes found
Score Distribution
Percent of People with Each Score
Percentile by Number Answered
Your Score History
You have not taken this quiz